Statistiques concernant Consoles Sega

Cliquez ici pour prendre le quiz!

Statistiques générales

  • Ce quiz a été pris 396 fois
  • Le résultat moyen est 4 sur 5

Statistiques - réponses

anType de quizConsole% Correct
1988SalonMega Drive
92%
1994SalonSaturn
76%
1998SalonDreamcast
74%
1985SalonMaster System
71%
1990PortableGame Gear
68%

Distribution des résultats

Percentile par nombre de réponses

% des personnes avec chaque résultat

Votre développement - résultats

Vous n’avez pas pris ce quiz